| 000 | 00843nam0a22002411 4500 | ||
|---|---|---|---|
| 001 | rc\2950808 | ||
| 005 | 20250529234008.0 | ||
| 035 | _a(NLR Aleph) 007098440 | ||
| 090 |
_a6645671 _c6645671 |
||
| 100 | _a20110830d1934 |||y0rusy50 ca | ||
| 101 | 0 | _arus | |
| 102 | _aRU | ||
| 105 | _ay z ||||| | ||
| 200 | 1 |
_aЗолотая Олёкма _e[Стихи] _fВиссарион Саянов |
|
| 210 |
_a[Ленинград] _cИзд-во писателей в Ленинграде _d1934 _gТип. "Печатный двор" |
||
| 215 |
_a62, [2] с. _d15×11 см |
||
| 300 | _aСуп.-обл. и переплет: М. Кирнарский | ||
| 700 | 1 |
_aСаянов _bВ.М. _f1903-1959 _gВиссарион Михайлович |
|
| 801 | 0 |
_aRU _bNLR _gpsbo |
|
| 801 | 1 |
_aRU _bELAR _2rusmarc |
|
| 852 |
_aNLR _j34-8/985 |
||
| 942 | _cBOOK | ||
| 980 | _aNB | ||